Adrià Gual (1872-1943) : el perfum d'una època el perfum d'una època
Publicado:
Barcelona :
Institut del Teatre : Diputació de Barcelona : Transports Metropolitans de Barcelona ,
2013
Descripción Física:
1 targetó ; il. col. ; 9 x 17 cm.
Idioma:
Catalán
MARC
| LEADER | 00000nkm a22000007a 4500 | ||
|---|---|---|---|
| 001 | 27053 | ||
| 003 | Arxiu | ||
| 005 | 20260324181145.0 | ||
| 008 | 221128b spa||||| |||| 00| 0 cat d | ||
| 040 | |a agdb |b cat | ||
| 041 | |a cat | ||
| 245 | |a Adrià Gual (1872-1943) : |b el perfum d'una època | ||
| 260 | |a Barcelona : |b Institut del Teatre : |b Diputació de Barcelona : |b Transports Metropolitans de Barcelona ; |c 2013 | ||
| 300 | |a 1 targetó ; |b il. col. ; |c 9 x 17 cm. | ||
| 500 | |a Targetó editat per promocionar l'exposició "Adrià Gual (1872-1943), el perfum d'una època", ubicada a l'Espai Mercè de l'estació de metro Diagonal, del 4 d'abril al 7 de juny de l'any 2013. | ||
| 600 | 0 | |a Gual. Adrià, |d 1872-1943 |x Exposicions | |
| 655 | 0 | |9 52685 |a Targetes postals | |
| 710 | 1 | |9 52662 |a Institut del Teatre (Barcelona, Catalunya) | |
| 710 | 1 | |a Barcelona (Catalunya : Província). |b Diputació |9 52408 | |
| 710 | 2 | |9 54786 |a Transports Metropolitans de Barcelona | |
| 942 | |2 udc |c ARXIU |n 1 | ||
| 952 | |0 0 |1 0 |2 udc |4 0 |6 NBM1486 |7 1 |9 64421 |a Arxiu |b Arxiu |d 2022-11-28 |l 0 |o NBM-14-86 |p 27053 |r 2022-11-28 00:00:00 |w 2022-11-28 |y ARXIU | ||
| 999 | |c 82786 |d 82786 | ||